| 000 | 00797nam a22002177a 4500 | ||
|---|---|---|---|
| 003 | BD-DhUL | ||
| 005 | 20170809100125.0 | ||
| 008 | 160127s2011 bg ao||| |||| 000 0 ben | ||
| 020 | _a9848685502 | ||
| 040 |
_aBD-DhUL _cBD-DhUL |
||
| 082 |
_a954.92 _bHAT |
||
| 100 | 1 | _aহামিদ, এম. এ. | |
| 245 | 1 | 0 |
_aতিনটি সেনা অভ্যূত্থান ও কিছু না বলা কথা / _cএম. এ. হামিদ |
| 250 | _a৪র্থ সং. | ||
| 260 |
_aঢাকা : _bমিজান, _c১৯৯৩. |
||
| 300 |
_a২১৫ পৃ. ; _bচিত্র ; _c২২ সেমি. |
||
| 365 |
_aটাকা _b২০০.০০ |
||
| 651 | 0 |
_aBangladesh _vHistory _x |
|
| 651 | 0 |
_aবাংলাদেশ _xইতিহাস। |
|
| 942 |
_2ddc _cBK |
||
| 999 |
_c199138 _d199138 |
||